Central Library OPAC University of Rajshahi

লক্ষ্য যেথা স্তির / (Record no. 63546)

MARC details
000 -LEADER
fixed length control field 00813nam a2200229 a 4500
001 - CONTROL NUMBER
control field 63546
003 - CONTROL NUMBER IDENTIFIER
rucl marc code BD-RjUL
005 - DATE AND TIME OF LATEST TRANSACTION
control field 20211209081217.0
008 - FIXED-LENGTH DATA ELEMENTS--GENERAL INFORMATION
fixed length control field 170131s2000 bg ||||| |||| 00| 0 ben d
020 ## - INTERNATIONAL STANDARD BOOK NUMBER
International Standard Book Number 98481528109
Terms of availability : TK 100.00
035 ## - SYSTEM CONTROL NUMBER
System control number (BD-RjUL)63675
040 ## - CATALOGING SOURCE
Original cataloging agency BD-RjUL
Language of cataloging ben
Transcribing agency BD-RjUL
041 ## - LANGUAGE CODE
Language code of text/sound track or separate title ben
082 ## - DEWEY DECIMAL CLASSIFICATION NUMBER
Edition number 23
Classification number 891.444
Author mark and year MAL 2000
100 ## - MAIN ENTRY--PERSONAL NAME
Personal name মতিন, জুলফিকার
9 (RLIN) 188907
245 10 - TITLE STATEMENT
Title লক্ষ্য যেথা স্তির /
Statement of responsibility, etc. জুলফিকারা মতিন
260 ## - PUBLICATION, DISTRIBUTION, ETC. (IMPRINT)
Place of publication, distribution, etc. ঢাকা :
Name of publisher, distributor, etc. এশিয়া পাবলিকেশন্স,
Date of publication, distribution, etc. ২০০০
300 ## - PHYSICAL DESCRIPTION
Pagination ১৪০ পৃ। ;
Size ২১ সেমি.
650 ## - SUBJECT ADDED ENTRY--TOPICAL TERM
Topical term or geographic name as entry element বাংলা প্রবন্ধ
9 (RLIN) 170454
Topical term or geographic name as entry element Bengali Essays
9 (RLIN) 170481
942 ## - ADDED ENTRY ELEMENTS (KOHA)
Source of classification or shelving scheme Dewey Decimal Classification
Koha item type Books
Holdings
Lost status Source of classification or shelving scheme Damaged status Not for loan Collection code Permanent Location Current Location Shelving location Date acquired Source of acquisition Cost, normal purchase price Total Checkouts Full call number Date last seen Copy number Koha item type
  Dewey Decimal Classification   Not For Loan Non-fiction Central Library, University of Rajshahi Central Library, University of Rajshahi Reading Room 18/06/2000 Bangla dept. R.U 100.00   B 891.444 MAL 2000 31/01/2017 C-1 Books